<?xml version="1.0" encoding="UTF-8"?><?xml-stylesheet type="text/xsl" href="static/style.xsl"?><OAI-PMH xmlns="http://www.openarchives.org/OAI/2.0/" xmlns:xsi="http://www.w3.org/2001/XMLSchema-instance" xsi:schemaLocation="http://www.openarchives.org/OAI/2.0/ http://www.openarchives.org/OAI/2.0/OAI-PMH.xsd"><responseDate>2026-06-07T19:16:16Z</responseDate><request verb="GetRecord" identifier="oai:docta.ucm.es:20.500.14352/136799" metadataPrefix="marc">https://docta.ucm.es/rest/oai/request</request><GetRecord><record><header><identifier>oai:docta.ucm.es:20.500.14352/136799</identifier><datestamp>2026-05-20T23:55:23Z</datestamp><setSpec>com_20.500.14352_14</setSpec><setSpec>col_20.500.14352_18</setSpec></header><metadata><record xmlns="http://www.loc.gov/MARC21/slim" xmlns:dcterms="http://purl.org/dc/terms/" xmlns:xsi="http://www.w3.org/2001/XMLSchema-instance" xmlns:doc="http://www.lyncode.com/xoai" xsi:schemaLocation="http://www.loc.gov/MARC21/slim http://www.loc.gov/standards/marcxml/schema/MARC21slim.xsd">
   <leader>00925njm 22002777a 4500</leader>
   <datafield ind2=" " ind1=" " tag="042">
      <subfield code="a">dc</subfield>
   </datafield>
   <datafield ind2=" " ind1=" " tag="720">
      <subfield code="a">Ruano De La Fuente, José Manuel</subfield>
      <subfield code="e">author</subfield>
   </datafield>
   <datafield ind2=" " ind1=" " tag="720">
      <subfield code="a">Díaz-Tendero Bollaín, Aída</subfield>
      <subfield code="e">author</subfield>
   </datafield>
   <datafield ind2=" " ind1=" " tag="260">
      <subfield code="c">2026-01-22</subfield>
   </datafield>
   <datafield ind2=" " ind1=" " tag="520">
      <subfield code="a">El capítulo expone las características esenciales del modelo de atención integral centrada en la persona (AICP) como un marco teórico basado en la defensa de los derechos de las personas mayores y un modelo crítico con las estrategias de cuidados tradicionales. Una vez hecho el diagnóstico del modelo español y de las demandas de cambio por parte de organizaciones sociales y de instituciones supranacionales, el trabajo analiza el proceso de transferencia de este modelo a la gestión de residencias de personas mayores. Para ello, se revisa la literatura especializada y las bases de datos de organizaciones públicas y entidades sociales, y se utiliza el método de análisis comparativo en su técnica de sistemas diferentes en la selección de tres unidades de análisis que han implantado el modelo AICP partiendo de características estructurales diferentes. El objetivo de la investigación es tratar de comprender cómo se produce este proceso de transferencia teniendo en cuentas las motivaciones de los actores impulsores del cambio, su implementación y las resistencias encontradas.</subfield>
   </datafield>
   <datafield ind1="8" ind2=" " tag="024">
      <subfield code="a">Ruano, J.M. y Díaz-Tendero, A. (2025). “La transferencia del modelo AICP a la gestión de las residencias de personas mayores desde el enfoque de derechos humanos” en Ruano, J.M. (Ed.), Políticas públicas. Transferencia e innovación social. Tirant lo Blanch, Valencia, pp.207-240</subfield>
   </datafield>
   <datafield ind1="8" ind2=" " tag="024">
      <subfield code="a">979-13-7021-230-8</subfield>
   </datafield>
   <datafield ind1="8" ind2=" " tag="024">
      <subfield code="a">979-13-7021-231-5</subfield>
   </datafield>
   <datafield ind1="8" ind2=" " tag="024">
      <subfield code="a">https://hdl.handle.net/20.500.14352/136799</subfield>
   </datafield>
   <datafield ind1="8" ind2=" " tag="024">
      <subfield code="a">https://editorial.tirant.com/es/ebook/politicas-publicas-transferencia-e-innovacion-social-jose-manuel-ruano-de-la-fuente-9791370212308</subfield>
   </datafield>
   <datafield ind1="8" ind2=" " tag="024">
      <subfield code="a">https://dialnet.unirioja.es/servlet/articulo?codigo=10621895</subfield>
   </datafield>
   <datafield ind1="8" ind2=" " tag="024">
      <subfield code="a">https://conferenciaclacso.org/programa/resumen_ponencia.php?&amp;ponencia=Conf-1-7059-51328&amp;p=6053</subfield>
   </datafield>
   <datafield ind2="0" ind1="0" tag="245">
      <subfield code="a">La transferencia del modelo AICP a la gestión de las residencias de personas mayores desde el enfoque de derechos humanos</subfield>
   </datafield>
</record></metadata></record></GetRecord></OAI-PMH>